00953nam a22001935i 4500001000700000003000900007005001700016008004100033040002000074100004900094245012100143260006300264300002100327500010200348500001900450700001900469852017100488852010000659157129ES-MaACL20250824063054.0020326s1865 sp |||| | spa d aCAM bspa cCAM1 aLarra y Wetoret, Luis Mariano de,d1830-190110aPunto y aparte b: zarzuela en dos actos y en prosa / cletra de Luis Mariano de Larra ; música del maestro Rogel. aMadrid : b[s.n.], c1865 (fImprenta de José Rodriguez) a50 p. ; c20 cm. aEn port.: Representada por primera vez en el teatro de la Zarzuela el día 9 de febrero de 1865. aSolo la letra.1 aRogel, José. aES-MaACLjF-8611(7) z-- Enc. hol. q-- Falto de la cub. original z-- Enc. en un vol. facticio formando parte de la col. facticia "Teatro español moderno", vol. 66 aES-MaACLjT-418-F-14 z-- Enc. hol. q-- Falto de la cub. originalz-- Enc. en un vol. facticio